000 00690nam a2200181Ia 4500
008 151202s9999||||xx |||||||||||||| ||und||
082 _bPNVM-40623
100 _aरानडे अनिता.
245 _aविचारा तुम्ही सांगतो आम्ही.
260 _b"रविराज प्रकाशन,पुणे."
260 _c1994
300 _a47
600 _aरानडे अनिता.
630 _aविचारा तुम्ही सांगतो आम्ही.
700 _aरानडे अनिता.
730 _aविचारा तुम्ही सांगतो आम्ही.
942 _cBOOK
999 _c1306575
_d1306572